| 000 | 01307cad a22002175a 4500 | ||
|---|---|---|---|
| 001 | L141410 | ||
| 008 | 071122e20071119xxkk f 000 0 eng d | ||
| 035 | _a(Sirsi) u141410 | ||
| 041 | 0 | _aeng | |
| 050 | 0 | 4 | _a346.41043 $2 18 |
| 110 | 2 |
_aThe Land Registry _95415 |
|
| 245 | 0 | 0 |
_aComprehensive land register _h[electronic resource] |
| 260 |
_aLondon _bLand Registry _c2007 |
||
| 520 | _aConsultation paper seeks views on a proposal to trigger the compulsory registration of title in two new circumstances. The first of these is the appointment of a new trustee of land held in trust, when the appointment is vested in writing or by court vesting order. The second is upon the partitioning of land held in trust amongst the beneficiaries of the trust. Responses are due by 29 February 2008, and can be provided by online questionnaire. | ||
| 590 | _aKA NTK | ||
| 650 | 2 | 4 | _aLAND REGISTRATION ACT 2002 |
| 651 | 4 |
_aUnited Kingdom _y |
|
| 690 | _aPROPERTY-PROPERTY ACQUISITION AND DISPOSAL-REGISTRATION OF TITLE TO PROPERTY-LAND REGISTRATION | ||
| 856 | 4 | 0 |
_uwebarchive.nationalarchives.gov.uk/20091114213721/http://consultations.landregistry.gov.uk/inovem/gf2.ti/f/47394/1319365.1/pdf/-/ComprehensiveLandRegister.pdf _zView the consultation free of charge at consultations.landregistry.gov.uk |
| 942 | _n0 | ||
| 999 |
_c107649 _d107649 |
||